| 000 | 00441nam a2200145 i 4500 | ||
|---|---|---|---|
| 001 | bg | ||
| 100 | 1 | _aBRYK, Cezariusz | |
| 245 | 0 |
_aBadania własności tribologicznych siarczkowych warstw otrzymanych metodą natapiania elektrycznego / _cCezariusz Bryk. |
|
| 260 |
_aKraków, _c1979. |
||
| 040 | _cBPK | ||
| 041 | _apol | ||
| 080 | _a621.82/.85:669.017/.018:531.4:621.791/.795 | ||
| 942 | _cKS | ||
| 008 | s pl f |000 0 pol | ||
| 999 |
_c19591 _d19591 |
||
| 856 |
_uhttp://koha.tu.koszalin.pl/cgi-bin/koha/opac-detail.pl?biblionumber=19591 _yKatalog online BPK |
||